00582nam a2200193Ia 4500003000400000005001700004008004100021040000700062041000800069082001600077100002600093245002700119260004900146300000900195650002000204942001300224999001900237952013200256OSt20260331142147.0250729s2011 xx 000 0 und d cAL akan a494.50 RAGK aL.Raghavendra9230747 aKannada bhasha kaipidi aBangalorebSri raghavendra Prakkashanac2011 a336p aKannada9230748 2ddccBED c238936d238936 00104070aALbALd2025-07-29eManagement Booksg100.00l0o494.50 RAGKpBED04255r2025-07-29 16:57:07v100.00w2025-07-29yBK